000 00624nam a2200205 a 4500
003 OSt
005 20240223110442.0
008 180215t pk g |||| 000 e urd d
020 _a000000341462
_cRs. 200.00
040 _c0
082 _a891.4243
_bKAR
100 1 _aKarnegi, Dail
_9121230
245 1 0 _aانتالیس(۳۹)بڑےآدمی
_cDail Karnegi.
246 _a39 Bary Adami.
260 _aLahore:
_bAl Hamad Pub.;
_c[N.D}
300 _a192 p.
650 _aMotivation
_9121231
942 _2ddc
_cBK
_aSADA
_k891.4243 KAR
999 _c608084
_d608084